000 00703pam a2200229 a 4500
999 _c4217
_d4217
001 1443228
003 GBCCL
005 20241126110514.0
008 850911s1986 txu 000 0 eng
010 _a 85022794
020 _a0849904587
040 _aDLC
_cDLC
_dDLC
050 0 0 _aBS1235.2
_b.L33 1986
082 0 0 _a222.1106
_219
_bLAR
100 1 _aLarson, Bruce,
_d1925-2008.
_98009
245 1 0 _aMy creator, my friend :
_bthe genesis of a relationship /
_cBruce Larson.
260 _aWaco, Tex. :
_bWord Books,
_cc1986.
300 _a194 p. ;
_c23 cm.
630 0 0 _aBible.
_pGenesis
_xCriticism, interpretation, etc.
_9432
906 _a7
_bcbc
_corignew
_d1
_eocip
_f19
_gy-gencatlg
942 _2ddc
_cBK
_03